| 000 | 00936nam a2200217 a 4500 | ||
|---|---|---|---|
| 005 | 20180803165349.0 | ||
| 008 | 141222b xxu||||| |||| 00| 0 spa d | ||
| 040 | _cCO-BoIH | ||
| 041 | _aspa | ||
| 090 |
_aIAVH _b00905 |
||
| 100 |
_aSuarez Suarez, Luz Stella _94854 |
||
| 245 | _aUso de flora en el área de influencia de la laguna de Fúquene | ||
| 260 |
_aBogotá _bInstituto Alexander von Humboldt _c2004 |
||
| 300 | _a22 p. | ||
| 520 | _aRealiza una caracterización del uso de las especies vegetales en tres ecosistemas asociados al humedad de Fúquene: cuerpo de agua, parches remanentes de vegetación nativa y robledales. Contiene además la metodología que se desarrolló, los tipos de usos de la flora palustre y acuática, y a la elaboración de artesanías | ||
| 650 |
_aArtesanías _930499 |
||
| 650 |
_aFlora _992293 |
||
| 662 |
_aColombia _cFúquene _bCundinamarca |
||
| 942 |
_cINFORME _01 _2z |
||
| 945 | _d2008-07-03 | ||
| 999 |
_c6362 _d6362 |
||